[Event "British Rapidplay"]
[Site "Peterborough"]
[Date "2024.03.03"]
[Round "9"]
[White "Rogowski, Rafal"]
[Black "Mehta, Hatle"]
[Result "1-0"]
[WhiteElo "1728"]
[BlackElo "1578"]
[PlyCount "73"]
[EventDate "2024.03.02"]
[EventType "swiss (rapid)"]
[EventRounds "11"]
[EventCountry "ENG"]
[SourceTitle "CB10_2024"]
[SourceDate "2024.03.06"]
[SourceVersion "1"]
[SourceVersionDate "2024.03.06"]
[SourceQuality "1"]

1. d4 d6 2. c4 Nf6 3. Nc3 g6 4. e4 Nbd7 5. f3 Bg7 6. Be3 0-0 7. Qd2 Re8 8. g4 e5 9. d5 c6 10. h4 cxd5 11. cxd5 h5 12. Be2 b6 13. b4 a5 14. b5 Nc5 15. gxh5 Nxh5 16. a4 Ng3 17. Rh2 Nb3 18. Qb2 Nxa1 19. Qxa1 Nxe2 20. Ngxe2 Qf6 21. Kf2 Rb8 22. Qg1 Kf8 23. Bg5 Qe7 24. Bxe7+ Rxe7 25. h5 Rbb7 26. hxg6 Ke8 27. gxf7+ Rxf7 28. Ke3 Rbe7 29. Qg6 Kd7 30. Kf2 Rf6 31. Qg3 Ref7 32. Rh7 Bh6 33. Rxf7+ Rxf7 34. Qg6 Ke7 35. Qxh6 Bg4 36. Qg5+ Kf8 37. Qxg4 1-0

[Event "British Rapidplay"]
[Site "Peterborough"]
[Date "2024.03.02"]
[Round "4"]
[White "Mehta, Hatle"]
[Black "Dhingra, Kanvansh"]
[Result "0-1"]
[WhiteElo "1578"]
[BlackElo "1609"]
[PlyCount "96"]
[EventDate "2024.03.02"]
[EventType "swiss (rapid)"]
[EventRounds "11"]
[EventCountry "ENG"]
[SourceTitle "CB10_2024"]
[SourceDate "2024.03.06"]
[SourceVersion "1"]
[SourceVersionDate "2024.03.06"]
[SourceQuality "1"]

1. d4 d5 2. Bf4 e6 3. e3 c6 4. Nf3 f5 5. Nbd2 Nf6 6. Be2 Bd6 7. Ne5 0-0 8. 0-0 Qe7 9. a4 Ne4 10. Nxe4 fxe4 11. Bh5 Nd7 12. Nxd7 Bxd7 13. Bxd6 Qxd6 14. Qg4 e5 15. Qg3 Qh6 16. Bg4 Bxg4 17. Qxg4 exd4 18. exd4 Rf4 19. Qg3 Raf8 20. h3 R8f6 21. f3 Rg6 22. Qf2 Qxh3 23. Qe2 exf3 24. Rxf3 Qxf3 25. Qxf3 Rxf3 26. Re1 Kf7 27. Kh2 Rf2 28. Rg1 Rxc2 29. b4 Rc4 30. Rf1+ Ke7 31. Re1+ Kd7 32. b5 Rxd4 33. bxc6+ bxc6 34. Rb1 Kd6 35. a5 Ra4 36. Kh3 Rxa5 37. g4 Ra3+ 38. Kh4 Ra4 39. Rg1 Ra2 40. g5 Ra4+ 41. Kh3 d4 42. Rd1 c5 43. Kg4 d3+ 44. Kf5 Rd4 45. Rh1 Rd5+ 46. Kf4 Rdxg5 47. Rxh7 d2 48. Rh1 Rg1 0-1